000 00430nam a2200145Ia 4500
008 100415s9999 xx 000 0 und d
082 _b7269
100 _aB.B.O.C
245 _aBulletin Of The British Ornithologist's Club Lv
260 _aLONDON
_c1935
_bWITHERBY & CO
365 _b0
630 _aBulletin Of The British Ornithologist's Club Lv
730 _aBulletin Of The British Ornithologist's Club Lv
942 _cBOOK
999 _c590227
_d590224